[Event "Hvar Arsenal blitz op 2nd"]
[Site "Hvar"]
[Date "2023.10.19"]
[Round "9"]
[White "Palic, Pavle"]
[Black "Karkovic, Juraj"]
[Result "1-0"]
[WhiteElo "2034"]
[BlackElo "1483"]
[PlyCount "26"]
[EventDate "2023.10.19"]
[EventType "swiss (blitz)"]
[EventRounds "11"]
[EventCountry "CRO"]
[SourceTitle "Mega2024 Update 01"]
[Source "Chessbase"]
[SourceDate "2023.11.12"]
[SourceVersion "1"]
[SourceVersionDate "2023.11.12"]
[SourceQuality "1"]

1. Nf3 Nf6 2. b4 b6 3. Bb2 Bb7 4. g3 c5 5. b5 d5 6. d3 Nbd7 7. Bg2 Rb8 8. a4 d4 9. 0-0 e5 10. e4 Be7 11. Nbd2 0-0 12. Ne1 h6 13. f4 exf4 1-0

[Event "Hvar Arsenal blitz op 2nd"]
[Site "Hvar"]
[Date "2023.10.19"]
[Round "3"]
[White "Palic, Pavle"]
[Black "Sisic, Muhamed"]
[Result "0-1"]
[WhiteElo "2034"]
[BlackElo "2171"]
[PlyCount "115"]
[EventDate "2023.10.19"]
[EventType "swiss (blitz)"]
[EventRounds "11"]
[EventCountry "CRO"]
[SourceTitle "Mega2024 Update 01"]
[Source "Chessbase"]
[SourceDate "2023.11.12"]
[SourceVersion "1"]
[SourceVersionDate "2023.11.12"]
[SourceQuality "1"]

1. Nf3 d5 2. g3 Nf6 3. Bg2 c5 4. 0-0 Nc6 5. d4 cxd4 6. Nxd4 e5 7. Nxc6 bxc6 8. c4 Be6 9. Nc3 Be7 10. Bg5 e4 11. e3 0-0 12. Qa4 Qb6 13. b3 h6 14. Bxf6 Bxf6 15. Rac1 Rfc8 16. Rfd1 Rd8 17. Ne2 dxc4 18. bxc4 Bg4 19. Rxd8+ Rxd8 20. Nc3 Qb2 21. Qc2 Qxc2 22. Rxc2 Bxc3 23. Bxe4 Bh3 24. f4 Bd2 25. Kf2 c5 26. Bd5 Bb4 27. e4 Bd7 28. e5 Bf5 29. Rb2 a5 30. Kf3 Be6 31. Ke4 Kf8 32. f5 Bc8 33. g4 a4 34. h4 a3 35. Re2 Ba6 36. Re3 f6 37. exf6 gxf6 38. Kf3 Re8 39. Be6 Bb7+ 40. Kg3 Rd8 41. g5 hxg5 42. hxg5 Bd2 43. Rxa3 fxg5 44. Ra7 Rd3+ 45. Kf2 Be4 46. f6 Bc3 47. f7 Rd6 48. Bd5 Bxd5 49. cxd5 Rxd5 50. Rb7 Rf5+ 51. Kg3 Rxf7 52. Rb5 Bb4 53. Kg4 Rf2 54. a4 Ra2 55. Kxg5 Rxa4 56. Kf6 Ra6+ 57. Ke5 Ke7 58. Kd5 0-1

[Event "Hvar Arsenal blitz op"]
[Site "Hvar"]
[Date "2022.10.11"]
[Round "1"]
[White "Ivancic, Ivan"]
[Black "Palic, Pavle"]
[Result "1/2-1/2"]
[WhiteElo "1458"]
[BlackElo "2028"]
[PlyCount "97"]
[EventDate "2022.10.11"]
[EventType "swiss (blitz)"]
[EventRounds "11"]
[EventCountry "CRO"]
[SourceTitle "CBM 210 Extra"]
[Source "ChessBase"]
[SourceDate "2022.11.30"]
[SourceVersion "1"]
[SourceVersionDate "2022.11.30"]
[SourceQuality "1"]

1. e4 e6 2. Nf3 d5 3. exd5 exd5 4. d4 Bd6 5. h3 Nf6 6. Bd3 h6 7. 0-0 0-0 8. Re1 Nbd7 9. Nc3 c6 10. Ne5 Re8 11. Bf4 Qc7 12. Nxd7 Bxd7 13. Bxd6 Qxd6 14. Qd2 b5 15. Ne2 Ne4 16. Bxe4 Rxe4 17. Ng3 Rxe1+ 18. Rxe1 Re8 19. Rxe8+ Bxe8 20. a3 Bd7 21. Qb4 Qe6 22. Kf1 f5 23. Qe1 Qf6 24. Qe5 Kf7 25. Qxf6+ Kxf6 26. f4 g5 27. Ne2 a5 28. c3 Be8 29. Kf2 Bh5 30. fxg5+ hxg5 31. Nc1 f4 32. Nd3 Kf5 33. Nc5 Be8 34. Nb7 Bd7 35. Nxa5 Ke4 36. Nb7 Be6 37. Nc5+ Kf5 38. Kf3 Bf7 39. Nd7 Bh5+ 40. Kf2 Bd1 41. Nc5 Bc2 42. Nd7 Ke4 43. Nc5+ Kf5 44. Kf3 Be4+ 45. Kf2 Bc2 46. Nb7 Bb1 47. Nc5 Be4 48. Nb7 Bb1 49. Nc5 1/2-1/2

[Event "Hvar Arsenal blitz op"]
[Site "Hvar"]
[Date "2022.10.11"]
[Round "4"]
[White "Palic, Pavle"]
[Black "Tomljanovic, Ivano"]
[Result "1-0"]
[WhiteElo "2028"]
[BlackElo "1885"]
[PlyCount "63"]
[EventDate "2022.10.11"]
[EventType "swiss (blitz)"]
[EventRounds "11"]
[EventCountry "CRO"]
[SourceTitle "CBM 210 Extra"]
[Source "ChessBase"]
[SourceDate "2022.11.30"]
[SourceVersion "1"]
[SourceVersionDate "2022.11.30"]
[SourceQuality "1"]

1. Nf3 d5 2. g3 c5 3. Bg2 Nc6 4. d4 Nf6 5. 0-0 e6 6. Bg5 Be7 7. c3 0-0 8. Bxf6 Bxf6 9. dxc5 a5 10. Nbd2 Qe7 11. e4 Qxc5 12. Nb3 Qd6 13. exd5 exd5 14. Nfd4 Nxd4 15. Nxd4 Bxd4 16. Qxd4 Be6 17. Rfd1 Rfd8 18. Rd2 Rd7 19. Rad1 Rad8 20. h3 h6 21. f4 Rc7 22. c4 b6 23. cxd5 Bd7 24. Kh2 Rdc8 25. Qe5 Qb4 26. d6 Rc5 27. Qe7 Be6 28. d7 Bxd7 29. Rxd7 Qc4 30. b3 Qc3 31. Qxf7+ Kh8 32. Rd8+ 1-0